| 000 | 00761nam a22002297a 4500 | ||
|---|---|---|---|
| 003 | OSt | ||
| 005 | 20251009023733.0 | ||
| 008 | 251009b |||||||| |||| 00| 0 eng d | ||
| 020 | _a0-7897-3615-2. | ||
| 040 |
_aDWCL-Admin lib _cOC |
||
| 082 | _aCirc. 378.1662 D879s 2007 | ||
| 100 | _aDulan, Steven W. | ||
| 245 |
_aSAT/PSAT exam prep _cSteven W. Dulan |
||
| 260 |
_a[S.I.] : _cPearson Education, _bc 2007 |
||
| 300 |
_axiii, 559 p. : ill. ; _c28 cm. |
||
| 504 | _aIncludes index. | ||
| 650 | _a1. College entrance achievement tests-Study guide. | ||
| 650 | _a2. SAT/PSAT (Educational Test)-Study guides. | ||
| 650 | _a3. Universities and coleges-Entrance examinations-Study guides. | ||
| 700 | _aAdvantage Education | ||
| 942 |
_2ddc _cBK-CIRC _k Circ. _n0 |
||
| 999 |
_c4755 _d4755 |
||